000 00608cam a22002051 4500
001 sa 66003899
003 DLC
005 20260227112239.0
008 820922s1965 ii abc 000 0 eng
010 _asa 66003899
035 _a(OCoLC)8797436
040 _aDLC
_cMoU
_dDLC
042 _apremarc
050 0 0 _aDS485.K2
_bI3
100 1 _aMohammed Ibrahim, Sardar,
_d1915-2003.
245 1 4 _aThe Kashmir saga,
_cby M. Ibrahim Khan.
260 _aLahore,
_bRipon Print. Press,
_c1965.
300 _a228 p.
_billus., fold. map, ports.
_c23 cm.
651 0 _aJammu and Kashmir (India)
_xPolitics and government.
999 _c69160
_d69160